| 000 | 01058nmm a2200313 a 4500 | ||
|---|---|---|---|
| 001 | ocm000709070 | ||
| 003 | TR-IsHL | ||
| 005 | 20201028142801.0 | ||
| 008 | 140118s200? tu tur | ||
| 007 | cr cn | ||
| 020 | _a9789756346242 | ||
| 035 |
_a709070 _b(N$T) |
||
| 050 | 0 | 4 |
_aHD7048.25 _b.N57 200? |
| 090 | 0 | 4 |
_aHD7048.25 _b.N57 200? |
| 100 | 1 | _aNişancı, Murat | |
| 245 | 1 | 0 |
_aTalep teorisi ve hanehalkı tüketim analizi _h[electronic resource] / _cMurat Nişancı |
| 260 |
_aKonya : _bTablet Kitabevi, _c200? |
||
| 300 | _a163 p. | ||
| 650 | 4 | _aEkonomi ve Finans | |
| 650 | 4 | _aEconomics and Finance | |
| 650 | 0 |
_aGeçim standardı _x Türkiye |
|
| 650 | 0 |
_aCost and standart of living _x Turkey |
|
| 650 | 0 |
_aGelir dağılımı _x Türkiye |
|
| 650 | 0 |
_aIncome distribution _x Turkey |
|
| 650 | 0 |
_aTüketiciler _x Türkiye |
|
| 650 | 0 |
_aConsumers _x Turkey |
|
| 650 | 7 |
_aBUSINESS & ECONOMICS / Consumer Behavior _2bisacsh |
|
| 856 | 4 | 0 | _uhttp://search.ebscohost.com/login.aspx?direct=true&scope=site&db=e011xww&AN=709070 |
| 999 |
_c8543 _d8543 |
||